000 01223nam a2200349 i 4500
001 19939
003 ES-MaACL
005 20230906152210.0
007 t|
008 020712s2000 sp ||||0| spa j
020 _a84-88490-25-9
040 _aM-BN
_bspa
_cM-BN
080 _a821.134.2(7/8)-2"19"(082.2)
100 1 _aVallejo, Ana María.
_9112832
245 1 0 _aPasajeras /
_cAna María Vallejo. Mientras mientas / Claudia Giraldo. Nada / Tania Cárdenas Paulsen. El niño del hospital italiano / Eduardo Recabarren. La antesala / Margarita Sánchez.
260 _aMadrid :
_bCasa de América,
_c[2000]
300 _a181 p. ;
_c20 cm.
490 1 _aTeatro americano actual ;
_v4
650 1 4 _aTeatro hispanoamericano-
_yS.XX.
_917370
700 1 _aGiraldo, Claudia.
_957194
700 1 _aCárdenas Paulsen, Tania.
_935150
700 1 _aRecabarren, Eduardo.
_995732
700 1 _aSánchez, Margarita.
_9102406
710 2 _aCasa de América (Madrid)
_92460
740 0 _aMientras mientas.
740 0 _aNada.
740 3 _aEl niño del hospital italiano.
740 3 _aLa antesala.
830 0 _aTeatro americano actual ;
_v4
_9180653
852 _aES-MaACL
_jL-25933
_bR.131785
999 _c19939
_d19939